000 01121nam a2200301 c 4500
003 BLK
005 20180420221708.0
008 180408b bul|||||r ||||||| ||bul||
010 _aKNG00049791000
020 _a954-9600-07-6
_bиздат.: ДА
040 _aBLK
041 _aBUL
_cBUL
072 7 _2bullib
_aЯ
_xАвтографи
080 _aБългарска литература
_b821.163.2
_x-32
_z821.163.2-32
700 1 _aАнтонов, Любомир Енчев
_eсъстав.
_9280570
139 _aЗа рибарите, рибата и още нещо...
_bЗ 11
245 1 0 _aЗа рибарите, рибата и още нещо...
_bИли истината за риболова в разкази и истории
_cсъстав. Любомир Енчев Антонов.
257 _aBGR
260 София
_bДА
_c2005
_fСофия : Инвестпрес
300 _a142 с.
_c21 см
380 _aX
659 _aЯ
852 _aЦб 223610
856 4 _qpdf
_u
856 4 _qpdf
_u
942 _cKNG
_n0
944 _aCR
_c04.05.2005
_kРенета_Константинова
944 _aED
_c08.06.2012
_k
999 _c45989
_d45989